| 000 | 00438cam a22001691 4500 | ||
|---|---|---|---|
| 082 |
_a628.3 _bBAB |
||
| 100 | 1 | _aBabbitt, Harold E. | |
| 245 | 1 | 0 | _aSewerage and sewage treatment. |
| 250 | _a7th ed. | ||
| 260 |
_aNew York, _bWiley _c[1953] |
||
| 300 |
_a674 p. _billus. _c24 cm. |
||
| 526 |
_a0 _b0 _c0 _d628_300000000000000_BAB |
||
| 650 | 0 |
_aMCE _9379 |
|
| 650 | 0 |
_aSewage disposal. _9392 |
|
| 650 | 0 |
_aSewerage. _95193 |
|
| 942 |
_2ddc _cBK |
||
| 999 |
_c548319 _d548319 |
||